| 000 | 00840nam0a22002531 4500 | ||
|---|---|---|---|
| 001 | rc\4578768 | ||
| 005 | 20250611200519.0 | ||
| 021 |
_aRU _bРг1515-65 |
||
| 035 | _a(NLR Aleph) 008377435 | ||
| 090 |
_a9096458 _c9096458 |
||
| 100 | _a20130416d1964 |||y0rusy50 ca | ||
| 101 | 0 | _arus | |
| 102 | _aRU | ||
| 105 | _aa z |||a| | ||
| 200 | 1 |
_aКак себя вести _e[Стихи _eДля дошкольного и мл. школьного возраста] _f[Худож. Б. Жутовский] |
|
| 210 |
_aМосква _cМалыш _d1964 |
||
| 215 |
_a1 л., слож. в [10] с. _cил. _d24 |
||
| 700 | 1 |
_aМаршак _bС.Я. _f1887-1964 _gСамуил Яковлевич |
|
| 702 | 1 |
_aЖутовский _bБ. _4440 |
|
| 801 | 0 |
_aRU _bNLR _gpsbo |
|
| 801 | 1 |
_aRU _bELAR _2rusmarc |
|
| 852 |
_aNLR _j65-7/478 |
||
| 942 | _cBOOK | ||
| 980 | _aNB | ||